Engineering mathematics (Record no. 64311)

000 -LEADER
fixed length control field 00408nam a22001697a 4500
003 - CONTROL NUMBER IDENTIFIER
control field NUST - PNEC
005 - DATE AND TIME OF LATEST TRANSACTION
control field 20170116180838.0
008 - FIXED-LENGTH DATA ELEMENTS--GENERAL INFORMATION
fixed length control field 150812b xxu||||| |||| 00| 0 eng d
020 ## - INTERNATIONAL STANDARD BOOK NUMBER
International Standard Book Number 8121905209
040 ## - CATALOGING SOURCE
Transcribing agency LIBRARY
082 ## - DEWEY DECIMAL CLASSIFICATION NUMBER
Classification number 620.0051 DAS
100 ## - MAIN ENTRY--PERSONAL NAME
9 (RLIN) 5168
Personal name Dass, H.K.
245 ## - TITLE STATEMENT
Title Engineering mathematics
Statement of responsibility, etc. H.K. Dass
260 ## - PUBLICATION, DISTRIBUTION, ETC.
Date of publication, distribution, etc. c.2003
650 ## - SUBJECT ADDED ENTRY--TOPICAL TERM
9 (RLIN) 5169
Topical term or geographic name entry element Mathematics
General subdivision ME
942 ## - ADDED ENTRY ELEMENTS (KOHA)
Source of classification or shelving scheme
Koha item type Book
Holdings
Withdrawn status Lost status Source of classification or shelving scheme Damaged status Not for loan Permanent Location Current Location Shelving location Date acquired Total Checkouts Full call number Barcode Date last seen Date last checked out Price effective from Koha item type
          Pakistan Navy Engineering College (PNEC) Pakistan Navy Engineering College (PNEC)     1 620.0051 DAS PNECLIB-027252 08/16/2016 05/16/2016   Book
© 2023 Central Library, National University of Sciences and Technology. All Rights Reserved.